000
00240nam a2200097Ia 4500
005
20250424112915.0
008
250424s9999 xx 000 0 und d
300
_a
34 p. : ill. ; 28 cm.
650
_a
Computer science--Periodicals
942
_c
SR
999
_c
37812
_d
37812